000 00469nam a2200193Ia 4500
005 20240823045907.0
008 240823s9999||||xx |||||||||||||| ||und||
020 _a978-81-8371-217-0
041 _aENGLISH
082 _A811.54 Q0
100 _aAnandhi Jayakumar
245 4 _aThe Flights of Fancy
250 _a1st
260 _c2010
_b"Scitech Publications,Ch"
500 _aYES
650 _aFlight
_bAeronautical Engineering
942 _cBK
999 _c216008
_d216008